2022 NCAA Tournament Teams - Statistics

General Stats
  • This quiz has been taken 9,201 times
  • The average score is 38 of 68
Answer Stats
Seed Team % Correct
2 Duke
90%
6 Texas
89%
1 Kansas
88%
2 Kentucky
88%
8 North Carolina
88%
11 Michigan
87%
1 Gonzaga
86%
4 UCLA
84%
1 Arizona
83%
1 Baylor
79%
7 Michigan State
78%
6 Alabama
77%
5 Iowa
77%
3 Tennessee
76%
7 Ohio State
75%
3 Texas Tech
74%
12 Indiana
72%
10 Miami (FL)
71%
4 Illinois
70%
7 USC
70%
2 Villanova
70%
3 Wisconsin
70%
3 Purdue
69%
4 Arkansas
68%
5 Saint Mary's
68%
15 Saint Peter's
67%
2 Auburn
66%
11 Iowa State
66%
6 LSU
64%
5 Connecticut
62%
11 Notre Dame
62%
5 Houston
61%
11 Virginia Tech
61%
6 Colorado State
58%
12 New Mexico State
53%
9 TCU
53%
9 Memphis
52%
4 Providence
51%
11 Rutgers
51%
10 Loyola Chicago
50%
9 Creighton
49%
8 San Diego State
49%
14 Yale
48%
13 South Dakota State
46%
8 Boise State
45%
9 Marquette
45%
7 Murray State
45%
16 Georgia State
44%
13 Vermont
44%
12 Richmond
43%
10 San Francisco
41%
12 Wyoming
41%
8 Seton Hall
39%
10 Davidson
38%
14 Montana State
34%
14 Colgate
33%
15 Delaware
33%
16 Texas Southern
33%
13 Chattanooga
32%
13 Akron
31%
12 UAB
29%
16 Wright State
28%
15 Jacksonville State
27%
15 Cal State Fullerton
26%
14 Longwood
25%
16 Bryant
24%
16 Norfolk State
24%
16 Texas A&M -Corpus Christi
23%
No matching quizzes found
Score Distribution
Percent of People with Each Score
Percentile by Number Answered
Your Score History
You have not taken this quiz